Oxford hindi-english dictionary (Record no. 194163)

000 -LEADER
fixed length control field 00471nam a22001697a 4500
005 - DATE AND TIME OF LATEST TRANSACTION
control field 20221117101008.0
008 - FIXED-LENGTH DATA ELEMENTS--GENERAL INFORMATION
fixed length control field 221117b ||||| |||| 00| 0 eng d
020 ## - INTERNATIONAL STANDARD BOOK NUMBER
International Standard Book Number 0195638468
040 ## - CATALOGING SOURCE
Transcribing agency AACR2
082 ## - DEWEY DECIMAL CLASSIFICATION NUMBER
Classification number 491.43321 MCG
100 ## - MAIN ENTRY--PERSONAL NAME
Personal name McGregor, R.S
9 (RLIN) 14252
245 ## - TITLE STATEMENT
Title Oxford hindi-english dictionary
260 ## - PUBLICATION, DISTRIBUTION, ETC.
Place of publication, distribution, etc. New Delhi
Name of publisher, distributor, etc. Oxford University Press
Date of publication, distribution, etc. 2014
300 ## - PHYSICAL DESCRIPTION
Extent 1083p.
650 ## - SUBJECT ADDED ENTRY--TOPICAL TERM
Topical term or geographic name entry element Multidisciplinary Language Dictionary
9 (RLIN) 14253
942 ## - ADDED ENTRY ELEMENTS (KOHA)
Source of classification or shelving scheme
Koha item type Gift Books
Holdings
Withdrawn status Lost status Source of classification or shelving scheme Damaged status Not for loan Collection code Home library Current library Shelving location Date acquired Total Checkouts Full call number Barcode Date last seen Price effective from Koha item type
          Humanity Science Central Library Central Library Book Cart 11/17/2022   491.43321 MCG GF1487 11/17/2022 11/17/2022 Gift Books

Powered by Koha